STN EN 295-2: 2013 (72 5200), Kameninové potrubné systémy pre kanalizačné potrubia a stoky Časť 2 Hodnotenie zhody a vzorkovanie

Táto norma je slovenskou verziou európskej normy EN 295-2: 2013. Preklad zabezpečil Slovenský ústav technickej normalizácie. Má rovnaké postavenie ako majú oficiálne verzie

Bibliographic Details
Corporate Author: VUIS - Vodovody a kanalizácie (Bratislava, Slovensko) (Translator)
Other Authors: Pašek, Ján (Translator)
Format: Book
Language:Slovak
English
PhysicalDescription:36 s. tab. 30 cm
Published: Bratislava Slovenský ústav technickej normalizácie 2013
Subjects:

MARC

LEADER 00000cam a2200000 a 4500
001 vtls010549995
003 SK-MaSNL
005 20260301174544.0
008 160430s2013 xo a f u 000 0 slo
015 |a SNBN2013 
020 |c (cen. skup. 5) 
040 |a SNK  |b slo  |c SNK  |e AACR2 
041 1 |a slo  |h eng 
044 |a xo  |c SK 
046 |a s  |m 201310 (účin.) 
072 7 |a 628  |x Zdravotná technika. Úprava vody. Odpadové hospodárstvo. Svetelná technika  |2 konspekt 
080 |a 628.1.033  |2 2001 
080 |a 006.7/.8  |2 2001 
080 |a (437.6)  |2 2001 
080 |a (4)  |2 2001 
084 |a 93.030  |2 ICS 
130 0 |a STN 72 5200 (STN EN 295-2)  |9 547141 
245 1 0 |a STN EN 295-2: 2013 (72 5200), Kameninové potrubné systémy pre kanalizačné potrubia a stoky  |n Časť 2  |p Hodnotenie zhody a vzorkovanie 
246 1 0 |a Kameninové potrubné systémy pre kanalizačné potrubia a stoky 
246 1 0 |a Hodnotenie zhody a vzorkovanie 
246 3 0 |a EN 295-2: 2013 E 
260 |a Bratislava  |b Slovenský ústav technickej normalizácie  |c 2013 
300 |a 36 s.  |b tab.  |c 30 cm 
500 |a Súbežný názov v angličtine, francúzštine, nemčine 
500 |a Spracovateľ: VUIS-Vodovody a kanalizácie Bratislava, Ján Pašek 
500 |a Táto norma nahrádza STN EN 295-2 z júna 1997 v celom rozsahu. Spolu s STN EN 295-1 z októbra 2013, STN EN 295-4 z októbra 2013, STN EN 295-5 z októbra 2013, STN EN 295-6 z októbra 2013 a STN EN 295-7 z októbra 2013 nahrádza STN EN 295-10 z decembra 2005 
504 |a Citované normy, súvisiace právne predpisy s. 2 ; literatúra s. 36 
520 8 |a Táto norma je slovenskou verziou európskej normy EN 295-2: 2013. Preklad zabezpečil Slovenský ústav technickej normalizácie. Má rovnaké postavenie ako majú oficiálne verzie 
540 |a STN vydané na akomkoľvek nosiči sa môžu rozmnožovať a rozširovať iba so súhlasom určenej právnickej osoby  |b SÚTN Bratislava  |c zákon 264/1999 Z. z. 
650 0 7 |a zásobovanie vodou  |2 SNKPH  |9 50035 
650 0 7 |a technické normy a štandardy  |z Slovensko  |2 SNKPH  |9 79594 
650 0 7 |a technické normy a štandardy  |z krajiny Európskej únie  |2 SNKPH  |9 289341 
650 0 7 |a vodovodné inštalácie  |2 SNKPH  |9 51442 
650 0 7 |a Water supply systems  |2 SNKPHeng  |9 310458 
655 7 |a normy  |2 SNKPH  |9 70643 
700 1 |a Pašek, Ján  |4 trl  |9 320550 
710 2 |a VUIS - Vodovody a kanalizácie (Bratislava, Slovensko)  |4 trl  |9 158151 
710 2 |a Slovenský ústav technickej normalizácie (Bratislava, Slovensko).  |b Technická komisia č. 1 Vodovody a kanalizácie  |4 stn  |9 306998 
852 |a Štátna vedecká knižnica v Banskej Bystrici 
958 |a OP 
958 |a NB 
999 |c 839986  |d 841916 
952 |a SNK  |b SNK  |y PREZ  |7 0  |p 17A1084586  |o snkSTN EN 295-2  |i snk2013/24747  |8 0  |0 0  |1 0  |4 0  |d 2013-10-14  |l 0  |r 2026-02-24 04:07:49  |w 2026-02-24 
952 |a SNK  |b SNK  |y PREZ  |7 0  |p 17A1084554  |o snkSTN EN 295-2 D1  |i snk2013/24748  |8 0  |0 0  |1 0  |4 0  |d 2013-10-14  |l 0  |r 2026-02-24 04:07:49  |w 2026-02-24